000
00326nam a22001457a 4500
003
SGT
082
_a
616.0757, D12B
100
_a
BISSET, R A L
245
_a
DIFFERENTIAL DIAGNOSIS IN ABDOMINAL ULTRASOUND
250
_a
4TH
260
_a
INDIA
_b
ELSEVIER
_c
2012
300
_a
445
650
_a
RADIOLOGY
942
_2
ddc
_c
BK
999
_c
9047
_d
9047